000
00342nam a2200145Ia 4500
008
191201s2003 xx 000 0 und d
082
_a
003.320
_b
LAS
100
_a
LAW, Averill M
245
0
_a
Simulation Modeling and Analysis
250
_a
3rd
260
_a
N.Delhi
_b
TMH
_c
2003
300
_a
760
650
_a
B.Tech(CSE)
942
_2
ddc
_c
BK
999
_c
1554
_d
1554